banner-ar

تاريخ الحروب الصليبية / (Record no. 41724)

MARC details
000 -الفاتح
حقل البيانات ثابتة الطول 00669nam a2200217Ia 4500
008 - عناصر البيانات ثابتة الطول - معلومات عامة
حقل البيانات ثابتة الطول 140319s9999 xx 000 0 ara d
040 ## - مصدر الفهرسة
وكالة الفهرسة الأصلية GCL /
وكالة النسخ GCL
082 04 - رقم تصنيف ديوى العشرى
رقم التصنيف 940.18
رقم المادة م ت
100 1# - المدخل الرئيسى - إسم شخصى
الإسم الشخصى ماير, هانس ايرهارد
245 10 - بيان العنوان
العنوان تاريخ الحروب الصليبية /
بيان المسئوليه,etc ماير, هانس ايرهارد
700 1# - المدخل الاضافى - اسم شخصى
الإسم الشخصى عمادالدين غانم
700 1# - المدخل الاضافى - اسم شخصى
الإسم الشخصى نجاح صلاح الدين (تقديم)
300 ## - الوصف المادى
التعداد 471 ص
490 ## - بيان السلسلة
عنوان السلسلة
650 04 - المدخل الاضافى بالموضوع-مصطلح موضوعى
مصطلح موضوعي الحروب الصليبية
650 04 - المدخل الاضافى بالموضوع-مصطلح موضوعى
مصطلح موضوعي التاريخ الاسلامى
650 04 - المدخل الاضافى بالموضوع-مصطلح موضوعى
مصطلح موضوعي العصور الوسطى
650 04 - المدخل الاضافى بالموضوع-مصطلح موضوعى
مصطلح موضوعي اوربا - تاريخ
942 ## - عناصر المدخل الإضافي( كوها)
مصدر التصنيف او مخطط الترفيف Dewey Decimal Classification
Koha [default] item type كتاب
Holdings
حالة التراجع حالة الفقد حالة تلف ليس للاعارة المكان المؤقت الموقع الحالى تاريخ الاكتساب اجمالي اﻻعارات رقم الطلب الباركود تاريخ اخر مشاهدة تاريخ تفعيل السعر نوع وعاء كوها
        مكتبة القاهرة الكبرى مكتبة القاهرة الكبرى 03/26/2014   940.18\م ت 100795 03/26/2014 03/26/2014 كتاب
        مكتبة القاهرة الكبرى مكتبة القاهرة الكبرى 03/26/2014   940.18\م ت 100796 03/26/2014 03/26/2014 كتاب
        مكتبة القاهرة الكبرى مكتبة القاهرة الكبرى 03/26/2014   940.18\م ت 100797 03/26/2014 03/26/2014 كتاب

Powered By

EGPV